| 000 | 02430cab a2200265 a 4500 | ||
|---|---|---|---|
| 005 | 20240925064017.0 | ||
| 008 | 991125c2019 sp ar p o 000 0 spa d | ||
| 035 | _aUPN01000235656 | ||
| 040 |
_aMX-MxUPN _bspa _eaacr2 |
||
| 049 | _aART-E | ||
| 100 | 1 |
_aBonavitta, Paola _6- paola.bonavitta@gmail.com |
|
| 100 | 1 | _aDe Garay Hernández, Jimena | |
| 245 | 1 | 0 |
_a"La casa de papel", 'Rita' y 'Merlí': entre nuevas narrativas y viejos patriarcados _h[recurso electrónico en línea] |
| 506 | 0 | _aAcceso abierto | |
| 520 | 3 | _aNetflix ha venido desafiando, en cierta forma, algunos de los roles tradicionales que ocupan las mujeres en los medios de comunicación. Ha incorporado series que han buscado desestabilizar los estereotipos sexistas clásicos para proponer nuevos protagonismos, otras miradas y diversas posibilidades de ser heroínas. En este artículo trabajamos con tres series que presentan nuevas perspectivas narrativas para mujeres y que centralizan gran parte del argumento en ellas: Rita, La Casa de Papel y Merlí. Se trata de tres historias creadas por fuera de las producciones imperialistas e, incluso, del idioma inglés. A partir de un Análisis Crítico del Discurso pautado por la metodología feminista, analizamos las construcciones de mujeres que se presentan en estas ficciones, así como los estereotipos sexistas que se ponen en juego, se desafían y se formulan en el marco de estos tres programas. Desde el análisis de contenido mediático, nos centramos en las representaciones sociales de género que se producen y se concretan en la nueva apuesta de la industria cultural. A pesar de que estas series parecen atender a nuevas demandas de la sociedad, incorporando personajes y narrativas que apelan a la diversidad y a la contestación, es posible sugerir que ese movimiento se dirige más a atraer nichos de mercado en la industria del entretenimiento que a proponer una crítica social más amplia y profunda. | |
| 650 | 2 |
_aMujeres _97160 |
|
| 650 | 4 |
_aMedios masivos de comunicación _99547 |
|
| 650 | 2 |
_aAnálisis de contenido (Comunicación) _9461 |
|
| 653 | 0 | _aEstereotipos de género | |
| 773 |
_gVol. 10, no. 2 (2019 ), p. 207-221 _tInvestigaciones feministas _x2171-6080 |
||
| 856 | 4 | 0 | _uhttps://revistas.ucm.es/index.php/INFE/article/view/66490/4564456552526 |
| 856 | 4 | 0 |
_uhttps://doi.org/10.5209/infe.66490 _zConsultar articulo completo |
| 905 | _aArticulo | ||
| 942 | _cART-E | ||
| 999 |
_c207751 _d207751 |
||